Normal view
MARC view
- Darnell, Rick Afergan, Michael Farrar, Brian
Entry Personal Name
001 - CONTROL NUMBER
- control field: 78020
003 - CONTROL NUMBER IDENTIFIER
- control field: NUST
005 - DATE AND TIME OF LATEST TRANSACTION
- control field: 20210628210047.0
008 - FIXED-LENGTH DATA ELEMENTS
- fixed length control field: 210628|| aca||aabn | a|a d
040 ## - CATALOGING SOURCE
- Original cataloging agency: NUST
- Transcribing agency: NUST
100 ## - HEADING--PERSONAL NAME
- Personal name: Darnell, Rick Afergan, Michael Farrar, Brian
670 ## - SOURCE DATA FOUND
- Source citation: Work cat.: (NUST): Darnell, Rick Afergan, Michael Farrar, Brian, Web programming desktop reference 6 in 1, 1998
